Guess the Baltimore Ravens - Statistics

General Stats
  • This quiz has been taken 130 times
  • The average score is 12 of 27
Answer Stats
Picture Answer % Correct
Lamar Jackson
100%
Joe Flacco
75%
Marcus Peters
72%
Ray Lewis
71%
Mark Andrews
70%
Patrick Queen
68%
Marlon Humphrey
66%
Tyler Huntley
65%
Terrell Suggs
62%
Devin Duvernay
60%
Patrick Ricard
59%
Ronnie Stanley
51%
Robert Griffin
48%
Jamal Lewis
44%
Ray Rice
44%
Steve Smith
43%
Torrey Smith
37%
Todd Heap
29%
Devonta Freeman
24%
Marshal Yanda
24%
Matt Judon
24%
Michael Oher
22%
Haloti Ngata
17%
Steve McNair
17%
Alejandro Villanueva
14%
Kyle Juszczyk
12%
Vinny Testaverde
6%
No matching quizzes found
Score Distribution
Percent of People with Each Score
Percentile by Number Answered
Your Score History
You have not taken this quiz